[Event "Kragero Resort A 2020"]
[Site "Kragero"]
[Date "2020.02.19"]
[Round "2.8"]
[White "Ranaldi, Lucas"]
[Black "Notkevich, Benjamin Arvola"]
[Result "1-0"]
[WhiteElo "2302"]
[BlackElo "2495"]
[Annotator "TA"]
[PlyCount "115"]
[EventDate "2020.02.19"]
[EventType "swiss"]
[EventCountry "NOR"]
[SourceTitle "playchess.com"]
[Source "ChessBase"]
[SourceQuality "1"]

{[%evp 15,123,43,43,37,45,24,31,29,20,-2,6,0,8,-12,0,-29,-12,-39,-43,-38,-21,-24,-4,-7,-10,-46,-45,-46,0,0,0,0,0,-3,-3,-8,-18,-16,0,0,58,-42,37,28,20,27,41,36,51,40,46,58,49,52,108,47,44,33,42,34,135,130,125,136,151,37,73,74,565,559,542,532,645,651,625,598,706,697,699,698,854,841,806,689,772,695,784,777,929,686,760,747,720,699,620,606,1014,944,788,712,5826,5863,1288,4914,5469,5469,5712,2537,1346,987]} 1. Nf3 c5 2. c4 Nc6 3. Nc3 g6 4. e3 Bg7 5. d4 d6 6. d5 Na5 7. Be2 Nf6 8. O-O O-O 9. e4 {E61: King's Indian: Early deviations for White, including Smyslov System.} Bg4 10. Nd2 Bxe2 11. Qxe2 {White is slightly better.} Re8 {[#]} 12. Rd1 $146 ({Predecessor:} 12. f4 e6 13. dxe6 fxe6 14. Nf3 Nc6 15. Rd1 Qe7 16. e5 dxe5 17. fxe5 Nd7 18. Bf4 {0-1 (35) Cubrak,S-Martin,G corr 1984}) 12... e6 13. dxe6 Rxe6 14. f3 Nc6 15. Nb3 Nd7 16. Bf4 Bxc3 17. bxc3 Qf6 18. Bg3 Nb6 19. Rac1 h5 20. Nd2 h4 21. Bf2 Ne5 22. h3 g5 23. Kh1 Ng6 24. Bg1 Nf4 25. Qf1 Nd7 26. Nb1 Ne5 27. Na3 Qg6 ({Better is} 27... Nh5 $11 28. Bh2 Ng3+ 29. Bxg3 hxg3) 28. Rd2 (28. Bh2 $1 $14) 28... f5 (28... Nh5 $15 29. Bf2 Qh6) 29. exf5 $14 Qxf5 30. Nb5 Ned3 31. Rcd1 Rae8 $1 {...Re1 is the strong threat.} (31... a6 $2 32. Nc7 $18) 32. Rxd3 Nxd3 33. Qxd3 (33. Rxd3 $2 Re1 $19) 33... Qxd3 34. Rxd3 Re1 {Strongly threatening ...Rc1!} 35. Nxd6 (35. Rxd6 $2 Ra1 $1 $19 {[%mdl 512]}) ({White should try} 35. Rd5 $1 $16) 35... R8e2 $1 {aiming for ...Ra1!} 36. Rd5 ({Weaker is} 36. Nxb7 Rb1 $1 $17 {[%mdl 512]}) 36... Rxa2 {Threatens to win with ...Raa1.} 37. Rxg5+ (37. Nxb7 $2 Raa1 $19) 37... Kf8 {[#]} (37... Kh7 $1 $14) 38. g3 $1 $16 ({Not} 38. Nxb7 $2 Raa1 $19) 38... hxg3 39. Rxg3 a5 {[#]} 40. Nxb7 (40. Rg2 $1 $16 {[%cal Rg2a2]} Rxg2 41. Kxg2) 40... a4 {Hoping for ...a3.} 41. Rg2 ({Of course not} 41. Nxc5 a3 $11) 41... Ra3 $2 {[%mdl 8192]} (41... Rea1 $16 {is a better chance.}) 42. Kh2 $18 {White is clearly winning.} Kf7 43. Bxc5 Rb3 44. Nd6+ Kf6 45. Nb5 Ke5 46. Bd6+ Kf6 47. Bb4 Ke5 48. Kg3 Rbb1 49. h4 Kf6 50. Rd2 Rh1 51. Rd6+ Ke5 52. Rd5+ Kf6 53. h5 Rbg1+ 54. Kf2 Rf1+ 55. Ke3 Rh4 56. Nd4 Re1+ 57. Kf2 Ra1 {[#]} 58. c5 {Played: Bb4-e7} 1-0

[Event "Kragero Resort A 2020"]
[Site "Kragero"]
[Date "2020.02.19"]
[Round "2.9"]
[White "Vitenberg, Noam Aviv"]
[Black "Holm, Kristian Stuvik"]
[Result "1/2-1/2"]
[WhiteElo "2276"]
[BlackElo "2467"]
[Annotator "TA"]
[PlyCount "36"]
[EventDate "2020.02.19"]
[EventType "swiss"]
[EventCountry "NOR"]
[SourceTitle "playchess.com"]
[Source "ChessBase"]
[SourceQuality "1"]

{[%evp 14,36,34,34,39,34,60,31,56,17,39,23,29,22,32,0,6,0,0,4,117,102,116,114,127]} 1. Nf3 f5 2. d4 Nf6 3. c4 g6 4. g3 Bg7 5. Bg2 O-O 6. O-O d6 7. Nc3 e6 8. b3 Qe7 {A87: Dutch Defence: Leningrad System: 5 Nf3.} 9. Bb2 Nbd7 10. Re1 Ne4 {White is slightly better.} 11. Qc2 {[#]} Nxc3 $146 ({Predecessor:} 11... Ndf6 12. Rad1 Rb8 13. Ba3 Nxc3 14. Qxc3 Ne4 15. Qd3 Qf6 16. Nd2 Nxd2 17. Rxd2 f4 {1-0 (31) Tammert,G (2220)-Metz,U Germany 1993}) 12. Bxc3 e5 13. dxe5 dxe5 14. Qb2 Re8 15. e4 $36 {[%mdl 2048] aiming for exf5. White is pushing.} Nc5 16. Nxe5 fxe4 (16... Bxe5 $11 {remains equal.} 17. exf5 Nd3 {[%mdl 64] Double Attack} 18. Rxe5 Qxe5 19. Bxe5 Nxb2 20. Bxb2 c6) 17. Bxe4 $16 Nxe4 18. Rxe4 Bf5 {Accuracy: White = 65%, Black = 67%.} 1/2-1/2

[Event "Kragero Resort A 2020"]
[Site "Kragero"]
[Date "2020.02.19"]
[Round "2.10"]
[White "Haldorsen, Benjamin"]
[Black "Khachatryan, Vahagn"]
[Result "1-0"]
[WhiteElo "2462"]
[BlackElo "2276"]
[Annotator "TA"]
[PlyCount "109"]
[EventDate "2020.02.19"]
[EventType "swiss"]
[EventCountry "NOR"]
[SourceTitle "playchess.com"]
[Source "ChessBase"]
[SourceQuality "1"]

{[%evp 11,109,22,16,16,26,24,41,39,41,40,44,35,35,28,45,39,48,38,37,43,52,52,54,47,39,41,62,43,74,75,82,81,95,56,83,55,63,48,62,64,72,68,74,68,67,76,95,98,98,94,95,95,98,95,112,116,168,160,200,212,335,328,353,311,444,443,412,125,121,138,129,113,128,87,29966,29966,29976,29976,29973,29974,29975,29976,29976,29977,29977,29977,29976,29977,12825,12823,29989,29990,29990,29991,29993,29994,29994,29995,29995,29996]} 1. e4 c6 2. d4 d5 3. exd5 cxd5 4. Bd3 Nc6 5. c3 Qc7 6. Ne2 Bg4 7. O-O {B13: Caro-Kann: Exchange Variation and Panov-Botvinnik Attack.} e6 8. Qe1 Bxe2 {8...Nf6 gains popularity.} 9. Qxe2 {White is slightly better.} Nf6 10. Nd2 Bd6 11. g3 O-O 12. Nf3 {[#]} e5 $146 ({Predecessor:} 12... Rfe8 13. Be3 g6 14. Rad1 a6 15. a3 b5 16. Rfe1 Na5 17. Bg5 Nd7 18. Ne5 Nc4 {1-0 (79) Delgado Ramirez,N (2613)-Erenburg,S (2550) Medellin 2017}) 13. dxe5 Nxe5 14. Nxe5 Bxe5 15. Be3 Rad8 16. Rad1 a6 17. Bc2 Rfe8 18. Qd3 g6 19. Bg5 Qb6 20. Ba4 Re7 21. Bb3 Kg7 22. Be3 ({Much worse is} 22. Bxd5 Qxb2 23. Rfe1 Rdd7 $11) 22... Qe6 23. Kg2 Qc6 24. f3 d4 25. cxd4 Red7 26. Qc3 Nd5 27. Bxd5 $1 Rxd5 28. Rd2 Qd7 29. dxe5 Rxd2+ 30. Bxd2 Qxd2+ 31. Qxd2 Rxd2+ $16 {[%mdl 4096] Endgame KR-KR} 32. Rf2 Rd5 33. f4 g5 (33... Ra5 $16) 34. Kf3 $18 f6 35. Ke4 Ra5 (35... Rb5 {was worth a try.} 36. Kf5 gxf4) 36. Rc2 gxf4 37. gxf4 fxe5 (37... Ra4+ $142 38. Kf5 fxe5) 38. fxe5 Rxa2 39. Rc7+ $2 (39. Rf2 $18) 39... Kg6 $16 40. Rxb7 Ra4+ 41. Kd5 Rh4 42. Rb6+ Kf5 $2 {[%mdl 8192] [#]} (42... Kg5 $16) 43. Rf6+ Kg5 44. Rf2 Rh3 45. e6 Rd3+ 46. Kc6 Re3 47. Kd7 Rd3+ 48. Ke8 Kg6 49. e7 Kg7 50. Rg2+ Kh8 51. Rg5 {White mates.} h6 {[#]} 52. Kf7 $1 {[%mdl 512]} Rf3+ 53. Kg6 Re3 54. Rf5 {[%cal Rf5f8]} Re6+ 55. Rf6 {Accuracy: White = 89%, Black = 67%.} 1-0

[Event "Kragero Resort A 2020"]
[Site "Kragero"]
[Date "2020.02.19"]
[Round "2.11"]
[White "Thorgeirsson, Jon Kristinn"]
[Black "Mirzoev, Emil"]
[Result "0-1"]
[WhiteElo "2269"]
[BlackElo "2452"]
[Annotator "TA"]
[PlyCount "98"]
[EventDate "2020.02.19"]
[EventType "swiss"]
[EventCountry "NOR"]
[SourceTitle "playchess.com"]
[Source "ChessBase"]
[SourceQuality "1"]

{[%evp 17,98,-14,-12,-28,-43,-94,-101,-101,-99,-99,-95,-86,-90,-78,-70,-84,-78,-88,-85,-93,-85,-84,-67,-108,-118,-108,-112,-182,-184,-187,-188,-189,-190,-215,-220,-214,-222,-360,-352,-351,-360,-326,-344,-343,-337,-385,-385,-363,-359,-388,-358,-356,-349,-342,-312,-305,-304,-307,-308,-314,-315,-302,-317,-327,-308,-287,-193,-408,-395,-516,-508,-506,-502,-460,-475,-529,-458,-645,-607,-887,-856,-819,-786]} 1. e4 e6 2. Nf3 d5 3. Nc3 Nf6 4. e5 Nfd7 5. d4 c5 6. dxc5 Nc6 7. Bg5 Be7 8. Bxe7 Qxe7 9. Bb5 O-O 10. Bxc6 {C11: French: Classical System: 4 e5 and 4 Bg5 dxe4.} bxc6 11. b4 {[#]} (11. O-O $15) 11... a5 $146 ({Predecessor:} 11... Rb8 12. a3 f6 13. exf6 Qxf6 14. Ne2 Ba6 15. O-O e5 16. c3 e4 17. Nfd4 Ne5 {0-1 (34) Lindberg,E (1429)-Hardegen,A (1705) Melbourne 2002}) 12. a3 {Black is better.} f6 13. Nd4 Bb7 14. O-O fxe5 15. Nb3 axb4 16. axb4 Ba6 17. Re1 Qh4 18. Qd2 Qxb4 19. Ra4 Qb8 20. Ne4 {[#]} Bc4 $1 {[%mdl 64] Discovered Attack} 21. Rxa8 Qxa8 22. Ra1 (22. Na5 $17 Bb5 23. Ng5) 22... Qb8 $36 {[%mdl 2048] Black has strong initiative.} 23. Na5 Qb2 (23... dxe4 24. Nxc4 Nxc5 25. h3 $11) 24. Re1 {[#]} Bb5 $1 (24... dxe4 25. Nxc4 Qb5 26. Ne3 $11) 25. c4 Qxd2 26. Nxd2 Ba4 27. Nf3 (27. Ra1 $142 Nxc5 28. Nb7 Nxb7 29. Rxa4) 27... Ra8 (27... Nxc5 $2 28. Nxe5 Ra8 29. Naxc6 $19) 28. cxd5 exd5 ({Weaker is} 28... Rxa5 29. dxe6 Nf6 30. Nxe5 $19) 29. Nb7 Rb8 30. Nd6 e4 ({Not} 30... Nxc5 31. Nxe5 d4 32. Ndc4 $17) 31. Nd4 Nxc5 32. f3 Rb4 33. N6f5 Kf7 34. fxe4 Nxe4 35. Rf1 Nf6 36. Nd6+ Ke7 37. N6f5+ Kd7 38. Nxg7 Rxd4 39. Rxf6 {[%mdl 4096] Endgame KRB-KRN} Rd1+ 40. Kf2 Rd2+ 41. Kg3 Bc2 42. h4 $2 (42. Ne6) 42... Be4 43. Rf7+ Kd6 {Black is clearly winning.} 44. Ne8+ Ke5 45. Re7+ Kd4 46. Nc7 Rxg2+ 47. Kf4 (47. Kh3 $142 Rg6 48. Rxh7) 47... Rf2+ 48. Kg5 Rf5+ 49. Kh6 Re5 {Accuracy: White = 55%, Black = 93%.} 0-1

[Event "Kragero Resort A 2020"]
[Site "Kragero"]
[Date "2020.02.19"]
[Round "2.12"]
[White "Nordquelle, Daniel"]
[Black "Seo, Jung Min"]
[Result "1/2-1/2"]
[WhiteElo "2242"]
[BlackElo "2424"]
[Annotator "TA"]
[PlyCount "49"]
[EventDate "2020.02.19"]
[EventType "swiss"]
[EventCountry "NOR"]
[SourceTitle "playchess.com"]
[Source "ChessBase"]
[SourceQuality "1"]

{[%evp 19,49,-7,-7,-4,0,-11,0,28,30,-19,0,-20,-29,-39,-24,-32,0,0,0,0,4,7,12,4,4,4,4,8,22,7,14,13]} 1. e4 c5 2. Nf3 d6 3. d4 cxd4 4. Nxd4 Nf6 5. f3 e6 6. c4 Be7 7. Nc3 O-O 8. Be2 Nc6 9. Be3 d5 10. cxd5 {10.exd5 is the thing.} exd5 11. Nxc6 {B55: Sicilian: 2...d6 3 d4 cxd4 4 Nxd4 Nf6 5 f3.} bxc6 12. exd5 Bb4 {[#] Hoping for ...Re8.} 13. dxc6 {Threatens to win with Qxd8.} Qe7 14. Kf2 Re8 ({And not} 14... Bxc3 15. bxc3 Qe6 16. Qd4 $16) 15. Qd2 {[#]} Bc5 $146 ({Predecessor:} 15... Bf5 16. Rae1 Rad8 17. Qc1 Rd6 18. a3 Nd5 19. axb4 Nxe3 20. Bb5 Re6 21. c7 Qh4+ {1-0 (30) Sprenkle,D-Kornfeld,A Chicago 1982}) 16. Ne4 Nxe4+ 17. fxe4 Qh4+ 18. g3 $1 {[%cal Rg3h4] The position is equal.} Qf6+ 19. Kg2 Bxe3 20. Qxe3 {Strongly threatening Rac1.} Qxc6 21. Bf3 Qc2+ 22. Qe2 Qxe2+ 23. Bxe2 Bb7 24. Bf3 Bxe4 25. Rhe1 {Accuracy: White = 90%, Black = 91%.} 1/2-1/2

[Event "Kragero Resort A 2020"]
[Site "Kragero"]
[Date "2020.02.19"]
[Round "2.13"]
[White "Gharibyan, Mamikon"]
[Black "Sgircea, Silvia-Raluca"]
[Result "1-0"]
[WhiteElo "2405"]
[BlackElo "2275"]
[Annotator "TA"]
[PlyCount "53"]
[EventDate "2020.02.19"]
[EventType "swiss"]
[EventCountry "NOR"]
[SourceTitle "playchess.com"]
[Source "ChessBase"]
[SourceQuality "1"]

{[%evp 15,52,14,35,-51,-51,-53,-50,-52,-33,-45,28,32,42,10,28,0,0,-1,40,51,162,173,164,137,124,141,260,268,314,203,372,350,349,138,340,344,428,367,29999]} 1. d4 d5 2. Nf3 Nf6 3. c4 dxc4 4. Nc3 a6 5. e4 b5 6. e5 Nd5 7. a4 Nxc3 8. bxc3 Bb7 {is now debated instead of 8...Qd5.} 9. Bg5 {[#] D24: Queen's Gambit Accepted: 3 Nf3 Nf6 4 Nc3.} (9. e6 $1 $14) 9... h6 $146 ({Predecessor:} 9... Qd5 10. Be2 f6 11. Bf4 Nc6 12. axb5 axb5 13. Rxa8+ Bxa8 14. O-O fxe5 15. dxe5 Nd8 {0-1 (33) Sztremi,J-Schrancz,I (2265) Hungary 1996}) 10. Bh4 $1 Qd5 11. Be2 {Black is slightly better.} e6 12. O-O $1 Be7 (12... b4 $15) 13. Bxe7 Kxe7 14. Ne1 {[#] Threatens to win with Bf3.} Qd7 $1 15. Qb1 c5 $1 16. dxc5 Rc8 17. Qh7 g6 (17... Qd2 $14 18. Bf3 Nc6) 18. Qxh6 $18 Qc7 19. Qh4+ Ke8 20. Bf3 $36 {[%mdl 2048] Black is under strong pressure.} Bxf3 (20... Nd7 $16 {was necessary.}) 21. Nxf3 Nd7 22. Rfd1 {And now Ng5 would win.} Qxc5 $2 (22... Nxc5 {was called for.} 23. axb5 Qe7) 23. Ng5 {Nxf7! is the strong threat.} Qe7 24. Qf4 $2 (24. Rd4 $18 {is more deadly.}) 24... Nc5 $2 {[#]} (24... Kf8 $16 25. Qh4 Ke8) 25. Nh7 $1 {[%cal Rh7f6] Hoping for Nf6+.} Nd3 26. Nf6+ Kf8 $2 (26... Kd8 $18 27. Qh4 Qc5 28. axb5 Qxe5 29. Rxa6 (29. bxa6 g5 $16) 29... Rxa6) 27. Qh6# {Accuracy: White = 68%, Black = 26%.} 1-0

[Event "Kragero Resort A 2020"]
[Site "Kragero"]
[Date "2020.02.19"]
[Round "2.15"]
[White "Osmak, Iulija"]
[Black "Doluhanova, Evgeniya"]
[Result "1-0"]
[WhiteElo "2394"]
[BlackElo "2258"]
[Annotator "TA"]
[PlyCount "71"]
[EventDate "2020.02.19"]
[EventType "swiss"]
[EventCountry "NOR"]
[SourceTitle "playchess.com"]
[Source "ChessBase"]
[SourceQuality "1"]

{[%evp 14,70,24,7,14,0,19,0,31,7,38,37,80,85,73,79,192,183,195,170,162,52,170,109,224,226,186,191,190,186,189,192,279,289,359,360,352,284,283,255,289,283,730,725,723,675,734,729,722,698,651,639,687,647,1597,1560,29997,29998,29999]} 1. d4 Nf6 2. c4 e6 3. Nc3 Bb4 4. e3 c5 5. Bd3 b6 6. Nf3 Bb7 7. O-O O-O 8. Qe2 Re8 {E43: Nimzo-Indian: Rubinstein: 4...b6.} 9. Rd1 cxd4 10. exd4 {[#]} Nc6 $146 {The position is equal.} ({Predecessor:} 10... Bf8 11. Bg5 d6 12. c5 Nbd7 13. Bb5 a6 14. Bxf6 gxf6 15. c6 axb5 16. cxb7 Rb8 17. Nxb5 {1-0 (43) Hort,V (2590)-Csom,I (2505) Surakarta 1982}) 11. Bg5 Bxc3 12. bxc3 Rc8 13. Ne5 {Threatens to win with Ng4.} h6 14. Bh4 $1 {aiming for Ng4.} g5 (14... Qc7 $16) 15. Bg3 $1 $18 d6 16. Nxc6 Bxc6 {[#]} 17. a4 ({Better is} 17. f4 $1 $18) 17... Qd7 ({Black should play} 17... d5 $14) 18. a5 (18. f4 $18) 18... Qb7 {[#]} (18... d5 $16) 19. f4 $1 Ne4 20. Bxe4 Bxe4 21. fxg5 hxg5 22. Bxd6 Bg6 (22... Bf5 $142 23. Qe5 f6 24. Qxf6 Qg7 25. Qxg7+ Kxg7) 23. Qe5 Red8 24. c5 Qd5 25. Qf6 Qf5 26. Qe7 bxa5 27. Rf1 ({But not} 27. Qxa7 $6 Ra8 $18) 27... Qg4 $2 (27... Re8 28. Rxf5 Rxe7 29. Rxg5 (29. Bxe7 Bxf5 30. Kf2 Rb8 $18) 29... Rb7 30. Rxa5 Kg7) 28. Qf6 {Be5 is the strong threat.} Qh5 29. Be5 {[%csl Ge5][%cal Rf6g7]} Qh6 30. Rf3 {White wants to mate with Rh3.} g4 31. Rf4 Rd5 32. Rxa5 Rf8 33. Rxa7 Qh7 34. Rxg4 Qh6 {[#]} 35. Rxg6+ $1 {[%mdl 64] Deflection, Back Rank} Qxg6 (35... fxg6 36. Qxe6+) 36. Qh8# {Accuracy: White = 78%, Black = 35%.} 1-0

[Event "Kragero Resort A 2020"]
[Site "Kragero"]
[Date "2020.02.19"]
[Round "2.16"]
[White "Shehzad, Shazil"]
[Black "Kaasen, Tor Fredrik"]
[Result "1-0"]
[WhiteElo "2144"]
[BlackElo "2393"]
[Annotator "TA"]
[PlyCount "69"]
[EventDate "2020.02.19"]
[EventType "swiss"]
[EventCountry "NOR"]
[SourceTitle "playchess.com"]
[Source "ChessBase"]
[SourceQuality "1"]

{[%evp 9,69,6,7,15,22,0,16,20,32,20,9,23,33,35,84,81,86,85,86,87,87,86,91,68,79,75,83,68,83,67,59,55,67,67,185,191,496,491,519,518,502,451,566,555,495,0,29990,545,29987,29987,29991,29992,29992,29990,29991,29991,29992,29993,29993,29992,29992,29992]} 1. e4 c5 2. Nf3 d6 3. Bb5+ Nd7 4. Ba4 Ngf6 5. O-O a6 {White must now prevent ...b5.} 6. c4 {B51: Sicilian: Moscow Variation (3 Bb5+) without 3...Bd7.} e6 7. Nc3 Be7 8. d4 {The position is equal.} cxd4 9. Qxd4 O-O 10. Rd1 Qc7 11. Bxd7 Bxd7 12. Bf4 $1 $36 {[%mdl 2048] Hoping for e5. Black is under strong pressure.} Bc6 {next ...e5 is good for Black.} 13. Bxd6 Bxd6 14. Qxd6 {[#]} Qb6 $146 {[#]} ({Predecessor:} 14... Qxd6 15. Rxd6 Bxe4 16. Ne5 Rac8 17. f3 Bg6 18. b4 Rfe8 19. Rad1 Rc7 20. c5 Kf8 {1-0 (51) Arjun,K (2293)-Vishnu,P (2445) Chennai 2019}) 15. b3 $1 Rfd8 16. Qf4 Qa5 17. Qe3 b5 18. Nd4 Be8 19. cxb5 axb5 20. h3 b4 21. Nce2 e5 ({Black should play} 21... Qe5 $14) 22. Nf5 $18 {And now Qg5! would win.} Bb5 $2 {[#]} (22... h6 {is a better chance.}) 23. Neg3 $1 Ne8 24. Qc5 Rxd1+ 25. Rxd1 {aiming for Ne7+.} f6 26. Qd5+ Kf8 27. Qc5+ $2 (27. Nd6 $18 Nxd6 28. Qxd6+ Kf7 29. Rd5) 27... Kf7 $2 {[%mdl 8192]} (27... Kg8 $11 28. Rd5 Ra7 29. Qxb5 Qxb5 30. Rxb5 g6) 28. Rd5 (28. Qe7+ $142 Kg6 29. Nh4+ Kg5 30. Qe6 Be2 31. Nxe2 Kh6 32. Nf5+ Kg5 33. Rd7) 28... Qxa2 29. Qxb5 {White mates.} Qb1+ 30. Kh2 Kg8 31. Qd7 h6 32. Qe6+ Kh8 33. Rd7 Qc1 34. Qf7 Qg5 35. Re7 {Accuracy: White = 88%, Black = 60%.} 1-0

[Event "Kragero Resort A 2020"]
[Site "Kragero"]
[Date "2020.02.19"]
[Round "2.17"]
[White "Sriram, Jha"]
[Black "Heimisson, Hilmir Freyr"]
[Result "1-0"]
[WhiteElo "2383"]
[BlackElo "2250"]
[Annotator "TA"]
[PlyCount "125"]
[EventDate "2020.02.19"]
[EventType "swiss"]
[EventCountry "NOR"]
[SourceTitle "playchess.com"]
[Source "ChessBase"]
[SourceQuality "1"]

{[%evp 26,125,66,43,62,23,34,-8,-9,-9,-12,-50,23,0,142,128,155,146,127,120,190,138,180,122,381,375,366,373,306,72,216,219,200,74,134,142,186,19,13,13,18,4,0,0,0,0,0,0,0,0,0,29,350,310,408,408,415,415,415,415,413,404,404,395,379,334,477,472,480,545,554,550,536,474,520,487,488,472,599,587,702,670,771,693,693,687,780,773,767,749,699,647,689,685,657,624,839,782,2052,2052,1729,1652]} 1. Nf3 d5 2. e3 Nf6 3. c4 e6 4. Nc3 Bd6 5. Qc2 c6 6. b3 Nbd7 7. Bb2 a6 8. d4 O-O 9. Be2 Re8 10. O-O dxc4 11. bxc4 e5 12. Rad1 e4 13. Nd2 Qe7 14. Rfe1 Nf8 {[%cal Bd7f8,Bf8g6,Bg6h4][%mdl 32] D45: Semi-Slav: 5 e3.} 15. Nf1 {[#]} Ng6 $146 ({Predecessor:} 15... Bf5 16. Ng3 Bg6 17. Rb1 h5 18. h3 h4 19. Nf1 N8h7 20. c5 Bc7 21. Bc4 Kh8 22. Ba3 {0-1 (31) Rooze,J (2281)-Renman,N (2340) Mali Losinj 2019}) 16. f3 exf3 {The position is equal.} 17. Bxf3 Nh4 18. e4 Bb4 (18... Nxf3+ $15 19. gxf3 Nh5) 19. Ng3 Bg4 (19... Nxf3+ $11 20. gxf3 Be6) 20. Bxg4 $1 $16 Nxg4 21. h3 $1 {[%cal Rh3g4]} Nh6 22. Rf1 b5 (22... Bxc3 $16 23. Qxc3 f6) 23. c5 (23. Bc1 $18) 23... Qe6 24. Qf2 ({White should play} 24. a3 $18 Bxc3 25. d5 (25. Bxc3 Qc4 $16) (25. Qxc3 f6 $16) 25... cxd5 26. Qxc3) 24... Rad8 $2 {[%mdl 8192]} (24... f6 $16) 25. a3 $18 Bxc3 26. Bxc3 f6 {[#]} 27. Rfe1 $2 (27. d5 $1 $18 {[%mdl 512] has better winning chances.} Qf7 (27... cxd5 28. Nh5) 28. d6) 27... Qc4 (27... Qb3 $16 {might work better.}) 28. Rc1 $1 Qe6 {[#]} 29. Ba5 (29. d5 $1 $18 {[%cal Rd5e6][%mdl 512] and White stays clearly on top.} Qf7 (29... cxd5 30. Nh5) 30. Ba5 (30. dxc6 Rc8 $16)) 29... Rc8 ({Black should try} 29... Ra8) 30. Rcd1 $16 Qb3 31. Qe3 $2 (31. d5 $18 {Threatens to win with d6.} cxd5 32. exd5) 31... Qxe3+ $11 32. Rxe3 f5 {Strongly threatening ...f4.} 33. Rf1 $36 {[%mdl 2048] White fights for an advantage.} fxe4 34. Rf4 Ng6 35. Rfxe4 Rxe4 36. Rxe4 Kf7 37. Re1 Re8 38. Ne4 {Hoping for Nd6+.} Re7 $2 {[%mdl 8192]} (38... Kf8 $11) 39. Bd8 $18 Rxe4 40. Rxe4 {[%mdl 4096] Endgame KRB-KNN} Nf5 41. g4 Nfe7 42. Bxe7 Nxe7 {KR-KN} 43. Kf2 Nd5 44. Kf3 a5 45. Re1 g5 (45... h6 {keeps fighting.} 46. Ke4 Ke6 47. Kd3+ Kf7 48. Rf1+ Ke7) 46. Ke4 {White is clearly winning.} Ke6 47. Rf1 Nf6+ 48. Kd3 h6 49. Re1+ Kd7 50. Re5 Nd5 51. Kd2 Nf4 52. Rf5 Nxh3 53. Rf6 Nf4 54. Rd6+ Kc7 55. Rxh6 Kd7 56. Rd6+ Kc7 57. Rf6 Kd7 58. Rf7+ Ke6 59. Rf5 Nh3 60. Re5+ Kf6 61. Re8 b4 62. axb4 axb4 63. Rc8 {Accuracy: White = 73%, Black = 48%.} 1-0

[Event "Kragero Resort A 2020"]
[Site "Kragero"]
[Date "2020.02.19"]
[Round "2.18"]
[White "Flasen, Aleksander"]
[Black "Abdrlauf, Elham"]
[Result "0-1"]
[WhiteElo "1936"]
[BlackElo "2381"]
[Annotator "TA"]
[PlyCount "72"]
[EventDate "2020.02.19"]
[EventType "swiss"]
[EventCountry "NOR"]
[SourceTitle "playchess.com"]
[Source "ChessBase"]
[SourceQuality "1"]

{[%evp 10,71,18,18,36,25,38,0,-2,-54,-19,-26,-28,-16,-11,-53,-29,-86,-77,-89,-52,-97,-84,-78,-76,-127,-130,-253,-258,-265,-251,-304,-253,-307,-291,-377,-376,-397,-396,-387,-378,-374,-314,-312,-216,-531,-542,-652,-635,-652,-626,-768,-750,-954,-889,-982,-938,-954,-725,-1233,-1226,-5139,-3600,-29999]} 1. e4 c6 2. Nc3 d5 3. Nf3 dxe4 4. Nxe4 Nf6 5. Qe2 Nxe4 6. Qxe4 Qa5 {B11: Caro-Kann: Two Knights Variation.} 7. b4 (7. Qf4 {seems wilder.} Qf5 8. d3 Qxf4 9. Bxf4 Bf5 10. Be2) 7... Qf5 {[#]} 8. Qxf5 $146 (8. Qe3 {with more complications.} Qxc2 9. Bd3 Qa4 10. a3 Qb3 11. O-O) ({Predecessor:} 8. Qe3 Qe6 9. Be2 Qxe3 10. fxe3 f6 11. a4 e5 12. Ba3 Bf5 13. d3 Nd7 14. O-O {0-1 (43) Jones,G (2683)-Howell,D (2676) London 2019}) 8... Bxf5 {The position is equal.} 9. c4 (9. c3 $11) 9... Nd7 10. Bb2 e6 11. a3 a5 12. b5 cxb5 13. cxb5 (13. Nd4 $11) 13... Nc5 $17 14. Rc1 Rd8 (14... f6 {looks sharper.} 15. Nd4 Be4 16. f3 Bd5 17. b6 Kf7) 15. Bxg7 Bxg7 16. Rxc5 O-O 17. Be2 {[#]} (17. b6 $142) 17... Rc8 $1 {[%cal Rc8c5]} 18. Rc4 {[#]} (18. Rxc8 $17 {was worth a try.} Rxc8 19. O-O) 18... Rxc4 $1 $19 19. Bxc4 Rc8 20. Be2 Rc1+ 21. Bd1 Bd3 22. Ng5 Bxb5 23. d3 Ra1 24. Kd2 Rxa3 25. Be2 Ra2+ 26. Ke3 a4 {[%cal Ba5a4,Ba4a3][%mdl 32] Strongly threatening ...Rb2.} 27. Ne4 $2 (27. Bh5 {nothing else works.} Kf8 28. Bxf7) 27... a3 28. Nd6 Bc6 {And now ...Ra1 would win.} 29. Bh5 Kf8 {aiming for ...Ra1.} 30. Nc4 b5 31. Na5 Bd5 32. Rc1 Bh6+ 33. f4 Rxg2 {White must now prevent ...e5.} 34. Rc8+ Kg7 35. Rc7 e5 {[%csl Ge5][%cal Rh6f4]} 36. h4 Bxf4# {Accuracy: White = 33%, Black = 75%.} 0-1